00518nam a2200145 a 450000100100000000500170001000800410002704000250006824500520009326000690014530000270021404900090024195201050025099900170035500003087320200930062549.0110602s20uu dr 000 0 spa d aDO-SdBNPbspacBNPHU00aUniversidad Central del Este :bnuestro campus. aSan Pedro de Macorís, República Dominicana :bUCE,c[19--?]. a[16] p. :bil., retrs. aBNPD 0010718PDaPDbPDcCTd2011-06-02iLF1l0o p30873-10r2020-06-25w2020-06-25yLFPDZNo se presta c30365d30365